Себестоимость продукции, работ и услуг: бухгалтерская и налоговая (Запись № 11561379)
[ простой вид ]
| 000 -МАРКЕР | |
|---|---|
| контрольное поле | 02559nam0a2200361 i 4500 |
| 001 - ИДЕНТИФИКАТОР ЗАПИСИ | |
| контрольное поле | RU\NLR\BIBL_A\011411757 |
| 005 - ИДЕНТИФИКАТОР ВЕРСИИ | |
| контрольное поле | 20260405071455.0 |
| 010 ## - МЕЖДУНАРОДНЫЙ СТАНДАРТНЫЙ НОМЕР КНИГИ (ISBN) | |
| Номер (ISBN) | 9785974805240 |
| Тираж | 1500 |
| 021 ## - НОМЕР ГОСУДАРСТВЕННОЙ РЕГИСТРАЦИИ | |
| Код страны | Российская Федерация |
| Номер | 2017-40483 |
| Номер Листа государственной регистраци | 2945 |
| 035 ## - ДРУГИЕ СИСТЕМНЫЕ НОМЕРА | |
| Идентификатор записи | (RuMoRGB)008905487 |
| 035 ## - ДРУГИЕ СИСТЕМНЫЕ НОМЕРА | |
| Идентификатор записи | (NLR Aleph) 011411757 |
| 100 ## - ДАННЫЕ ОБЩЕЙ ОБРАБОТКИ | |
| Данные общей обработки | 20170621d2017 u y0rusy50 ca |
| 101 0# - ЯЗЫК РЕСУРСА | |
| Язык текста, звукозаписи и т.д. | русский |
| 102 ## - СТРАНА ПУБЛИКАЦИИ ИЛИ ПРОИЗВОДСТВА | |
| Страна публикации | Российская Федерация |
| 105 ## - ПОЛЕ КОДИРОВАННЫХ ДАННЫХ: ТЕКСТОВЫЕ МАТЕРИАЛЫ, МОНОГРАФИЧЕСКИЕ | |
| Кодированные данные о монографическом текстовом документе | a|||j|||000yy |
| 200 1# - ЗАГЛАВИЕ И СВЕДЕНИЯ ОБ ОТВЕТСТВЕННОСТИ | |
| Основное заглавие | Себестоимость продукции, работ и услуг: бухгалтерская и налоговая |
| Сведения, относящиеся к заглавию | как совместить бухгалтерский учет с налоговым, все отраслевые особенности, комментарии к составу затрат, сложные вопросы, практические примеры, оформление документов |
| -- | [пособие для высших и средних учебных заведений, факультетов и курсов повышения квалификации] |
| Первые сведения об ответственности | Г.Ю. Касьянова |
| Последующие сведения об ответственности | Ассоциция бухгалтеров, аудиторов и консультантов |
| 205 ## - СВЕДЕНИЯ ОБ ИЗДАНИИ | |
| Сведения об издании | Изд. 3-е, перераб. и доп. |
| Дополнительные сведения об издании | [ориг. изд.] |
| 210 ## - ПУБЛИКАЦИЯ, РАСПРОСТРАНЕНИЕ И ДР. | |
| Место издания, распространения и т.д. | Москва |
| Имя издателя, распространителя и т. д. | АБАК |
| Дата издания, распространения и т.д. | 2017 |
| 215 ## - ФИЗИЧЕСКАЯ ХАРАКТЕРИСТИКА | |
| Специфическое обозначение материала и объем | 418, [6] с. |
| Другие сведения о физической характеристике | ил. |
| Размеры | 21 |
| 225 1# - СЕРИЯ | |
| Основное заглавие серии | Настольная книга |
| 225 1# - СЕРИЯ | |
| Основное заглавие серии | Практические рекомендации для бухгалтера и руководителя |
| Сведения об ответственности | под общ. ред. Г.Ю. Касьяновой |
| 300 ## - ОБЩИЕ ПРИМЕЧАНИЯ | |
| Текст примечания | На обл. авт. не указан |
| 320 ## - ПРИМЕЧАНИЯ О НАЛИЧИИ В ДОКУМЕНТЕ БИБЛИОГРАФИИ / УКАЗАТЕЛЯ | |
| Текст примечания | Библиогр. в подстроч. примеч. |
| 606 1# - НАИМЕНОВАНИЕ ТЕМЫ КАК ПРЕДМЕТ | |
| Наименование темы | Себестоимость продукции |
| Формальный подзаголовок | Учебные издания для высших учебных заведений |
| Тематический подзаголовок | Бухгалтерский учет |
| Географический подзаголовок | Российская Федерация |
| Системный номер авторитетной/нормативной записи | 2155332 |
| Идентификатор авторитетной/нормативной записи | RU\NLR\AUTH\661297591 |
| 606 1# - НАИМЕНОВАНИЕ ТЕМЫ КАК ПРЕДМЕТ | |
| Наименование темы | Себестоимость продукции |
| Формальный подзаголовок | Учебные издания для высших учебных заведений |
| Тематический подзаголовок | Налоговый учет |
| Географический подзаголовок | Российская Федерация |
| Системный номер авторитетной/нормативной записи | 2325535 |
| Идентификатор авторитетной/нормативной записи | RU\NLR\AUTH\661391018 |
| 686 1# - ИНДЕКСЫ ДРУГИХ КЛАССИФИКАЦИЙ | |
| Индекс | У052.9(2)2-148.6я7 |
| 686 1# - ИНДЕКСЫ ДРУГИХ КЛАССИФИКАЦИЙ | |
| Индекс | У052.9(2)226.141.3-148.6я7 |
| 700 #1 - ИМЯ ЛИЦА - ПЕРВИЧНАЯ ОТВЕТСТВЕННОСТЬ | |
| Графика поля | Кириллица |
| Материалы, к которым относится поле | rus |
| Начальный элемент ввода | Касьянова |
| Часть имени, кроме начального элемента ввода | Г. Ю. |
| Расширение инициалов личного имени | Галина Юрьевна |
| Системный номер авторитетной/нормативной записи | 1040 |
| Идентификатор авторитетной/нормативной записи | RU\NLR\AUTH\7717956 |
| 942 ## - ДОПОЛНИТЕЛЬНЫЕ ЭЛЕМЕНТЫ ЗАПИСИ (АБИС) | |
| Тип экземпляра АБИС | Книга |
| 980 ## - КОЛЛЕКЦИЯ | |
| Название коллекции | НБР |
Нет доступных экземпляров.